000 00904nam a2200253 a 4500
001 adlib96000001
003 ViArRB
005 200902210153555.7
008 960221s1955 dcuabcdjdbkoqu001 0deng d
020 _a
022 _a
040 _aAdlib
082 _a512.56:515.128
245 _aSome lattice Problems in fuzzy set theory and fuzzy topolgy
250 _a
260 _aCochin
_bDept of Mathematics and Statistics
_c1989
300 _aiv, 88 p.
_c
500 _a Thesis (Ph.D) University of Cochin, 1989
100 _aBabusundar, S
_e
700 _a
_a
942 _cBK
653 _aMathematics
_aNumber theory
_aSet theory
_aGroup theory
_aAlgebra
_aNumber theory
_aProbabilities
_aGroup theory
_aLinear algebra
_aRings
_aFields
_aVector spaces
_aRings and fields
952 _w2010-06-16
_pG0004079
_r2010-06-16
_40
_00
_bUL
_10
_o512.56:515.128 BAB T
_d2010-06-16
_70
_yBK
_aUL
999 _c12084
_d12083